| 000 | 01050cam a22003014a 4500 | ||
|---|---|---|---|
| 999 |
_c129940 _d129940 |
||
| 001 | 12573976 | ||
| 003 | ARRUPE | ||
| 005 | 20191017102656.0 | ||
| 008 | 011029s2002 nyu b 000 0 eng | ||
| 010 | _a 2001055425 | ||
| 020 | _a0809140624 (alk. paper) | ||
| 040 |
_aDLC _cDLC _dDLC |
||
| 042 | _apcc | ||
| 050 | 0 | 0 |
_aLB1027.2 _b.D87 2002 |
| 082 | 0 | 0 |
_a371.102 _221 |
| 100 | 1 |
_aDurka, Gloria. _948415 |
|
| 245 | 1 | 4 |
_aThe teacher's calling : _ba spirituality for those who teach / _cGloria Durka. |
| 260 |
_aNew York : _bPaulist Press, _cc2002. |
||
| 300 |
_av, 89 p. ; _c23 cm. |
||
| 504 | _aIncludes bibliographical references (p. 89). | ||
| 650 | 0 |
_aTeaching _xReligious aspects _xChristianity. _913132 |
|
| 650 | 0 |
_aTeachers _xReligious life. _948416 |
|
| 650 | 0 |
_aEducation _xAims and objectives. _915012 |
|
| 650 | 0 |
_aSpiritual life. _94105 |
|
| 906 |
_a7 _bcbc _corignew _d1 _eocip _f20 _gy-gencatlg |
||
| 942 |
_2lcc _cMONOGRAPH |
||